MARC

LEADER 00000nab a2200000 a 4500
001 vtls000358012
003 SK-MaSNL
005 20260303174440.0
008 111201c1989 xo 0 slo
015 |a SNBRB19rr/mm-uuuuu 
035 |a CL0358134 
040 |a SNKBUCL  |b slo  |c SNKBUCL  |e AACR2 
041 0 |a slo 
044 |a xo  |c SK 
080 |a 82.09:883  |2 1981 
080 |a 883  |2 1981 
080 |a 883.09  |2 1981 
100 1 |a Lenčan, Zolo,  |d 1927-2001  |4 aut  |9 229349 
245 1 0 |a Horizonty  |c Zolo Lenčan 
650 0 7 |a ukrajinská literatúra  |2 snkbucl  |9 1218 
655 7 |a články z novín a časopisov  |2 snkbucl  |9 267496 
655 7 |a články z odboru literárna veda a krásna literatúra  |2 snkbucl  |9 770045 
773 0 |t Nové slovo  |g Roč. 31, č. 29 (1989), s. 17 
850 |a Slovenská národná knižnica v Martine  |a MTA001 
852 |a SNK  |b KIS3GCP 
958 |a RK 
958 |a LX 
958 |a SU 
992 |a RBX 
999 |c 2096733  |d 2098663